India's Tryst With Destiny (Record no. 332395)

MARC details
000 -LEADER
fixed length control field 00541nam a2200169Ia 4500
008 - FIXED-LENGTH DATA ELEMENTS--GENERAL INFORMATION
fixed length control field 230718s9999 xx 000 0 und d
020 ## - INTERNATIONAL STANDARD BOOK NUMBER
International Standard Book Number 9789350295854
041 ## - LANGUAGE CODE
Language code of text/sound track or separate title eng
082 ## - DEWEY DECIMAL CLASSIFICATION NUMBER
Classification number 320.9'54'05
Item number BHA
100 ## - MAIN ENTRY--PERSONAL NAME
Personal name Bhagwati J.
9 (RLIN) 133717
245 ## - TITLE STATEMENT
Title India's Tryst With Destiny
Remainder of title Debunking Myths That Undermine Progress And Addressing New Challenges
260 ## - PUBLICATION, DISTRIBUTION, ETC. (IMPRINT)
Date of publication, distribution, etc. 2012
Name of publisher, distributor, etc. Collins
300 ## - PHYSICAL DESCRIPTION
Extent 284
365 ## - TRADE PRICE
Currency code Rs.
Price amount 599.00
700 ## - ADDED ENTRY--PERSONAL NAME
Personal name Bhagwati J. & Panagariya A.
9 (RLIN) 194554
906 ## - LOCAL DATA ELEMENT F, LDF (RLIN)
d O:0338203-Jul-2013B:318230-Apr-2013
c GENRL
b 131.78
Holdings
Withdrawn status Lost status Damaged status Not for loan Home library Current library Date acquired Vendor Budget Code Cost, normal purchase price Bill number Total Checkouts Full call number Barcode Date last seen Discount Cost, replacement price Bill Date Koha item type Original Barcode
        Cummins College of Engineering for Women Pune Cummins College of Engineering for Women Pune 03/07/2013 Technical Book Services GENRL 467.22 3182   320.9'54'05 CCEP-BK-43602 03/01/2024 131.78 599.00 30/04/2013 Books 043602